Billboard Hot 100 - Number 1 Singles of 2011 - Statistics

General Stats
  • This quiz has been taken 655 times
  • The average score is 8 of 14
Answer Stats
Artist Song % Correct
Adele "Rolling In The Deep"
80%
LMFAO "Party Rock Anthem"
73%
Adele "Someone Like You"
72%
Bruno Mars "Grenade"
71%
Katy Perry "Firework"
67%
Maroon 5 "Moves Like Jagger"
60%
Wiz Khalifa "Black and Yellow"
57%
Lady Gaga "Born This Way"
53%
Katy Perry "Last Friday Night (T.G.I.F.)"
45%
Katy Perry "E.T."
43%
Rihanna "We Found Love"
42%
Pitbull "Give Me Everything"
37%
Britney Spears "Hold It Against Me"
34%
Rihanna "S&M"
33%
No matching quizzes found
Score Distribution
Percent of People with Each Score
Percentile by Number Answered
Your Score History
You have not taken this quiz